| 000 | 00462nam a22001697a 4500 | ||
|---|---|---|---|
| 003 | OSt | ||
| 008 | 250227b |||||||| |||| 00| 0 eng d | ||
| 020 | _a9788197978593 | ||
| 100 | _aANKITA | ||
| 245 | _aDigital Fortresses: Safeguarding IOT with Block Chain AND cybersecurity | ||
| 260 |
_aNew Delhi _bNaples Indian _c2024. |
||
| 300 | _a416p. | ||
| 650 | _aFaculty Publication | ||
| 700 | _aFayaz Ahmad Khan | ||
| 700 | _aMamta Goyal | ||
| 942 |
_2ddc _cBK |
||
| 999 |
_c13160 _d13160 |
||